[Event "Magistral Grafica Yael-Torre Blanca"]
[Site "Buenos Aires ARG"]
[Date "2010.07.24"]
[Round "1.1"]
[White "Zapata Ferrada, Marco"]
[Black "Rodriguez Vila, Andres"]
[Result "0-1"]
[WhiteElo "2372"]
[BlackElo "2508"]
[PlyCount "114"]
[EventDate "2010.07.24"]
[EventType "tourn"]
[EventRounds "9"]
[EventCountry "ARG"]
[EventCategory "7"]
[Source "lmi"]
[SourceDate "2010.07.24"]

1. Nf3 f5 2. d3 Nf6 3. e4 d6 4. Nc3 e5 5. d4 fxe4 6. dxe5 exf3 7. exf6 Qxf6 8.
Nd5 Qe5+ 9. Be3 fxg2 10. Bxg2 Kd8 11. O-O Nc6 12. Re1 Qf5 13. Qe2 Bd7 14. b4
Ne5 15. Bd4 c6 16. Ne3 Qf4 17. Rad1 h5 18. Bxe5 Qxe5 19. Qd3 Qg5 20. Nc4 Rh6
21. Ne5 Rf6 22. b5 Rc8 23. Nxd7 Kxd7 24. bxc6+ bxc6 25. Rb1 d5 26. c4 Bc5 27.
cxd5 cxd5 28. Rb7+ Kd6 29. Rd1 Bxf2+ 30. Kh1 Rg6 31. Qxd5+ Qxd5 32. Bxd5 Rg5
33. Bb3+ Kc6 34. Rf7 Bc5 35. Ba4+ Kb6 36. Rb1+ Ka5 37. Bd7 Rb8 38. Rff1 Rxb1
39. Rxb1 a6 40. Bh3 Rd5 41. Rb2 Rd1+ 42. Kg2 g5 43. Rc2 Rg1+ 44. Kf3 g4+ 45.
Ke4 Bd6 46. Bg2 Bxh2 47. Kf5 Re1 48. Be4 Bg1 49. Bc6 Bd4 50. Rh2 Re5+ 51. Kg6
Re6+ 52. Kxh5 Rxc6 53. Kxg4 Rf6 54. Rd2 Bc5 55. Rc2 Kb4 56. Rb2+ Ka3 57. Rc2
Bd4 0-1

[Event "Magistral Grafica Yael-Torre Blanca"]
[Site "Buenos Aires ARG"]
[Date "2010.07.24"]
[Round "1.3"]
[White "Blit, Jacques"]
[Black "Sorin, Ariel"]
[Result "1/2-1/2"]
[WhiteElo "2356"]
[BlackElo "2484"]
[PlyCount "57"]
[EventDate "2010.07.24"]
[EventType "tourn"]
[EventRounds "9"]
[EventCountry "ARG"]
[EventCategory "7"]
[Source "lmi"]
[SourceDate "2010.07.24"]

1. e4 e5 2. Nc3 Nf6 3. Nf3 Nc6 4. d4 exd4 5. Nxd4 Bc5 6. Be3 Bb6 7. Nxc6 bxc6
8. e5 Bxe3 9. fxe3 Nd5 10. Nxd5 cxd5 11. Qxd5 Qh4+ 12. Kd1 Rb8 13. Bc4 O-O 14.
Rf1 Bb7 15. Qd4 Qh5+ 16. Kd2 Qxh2 17. Kc3 Bxg2 18. Rf4 Bh3 19. Rh4 c5 20. Qf4
Qxf4 21. exf4 Be6 22. Bd3 f5 23. exf6 Rxf6 24. Bxh7+ Kf7 25. Bd3 Rb4 26. Rf1 g5
27. Rh7+ Kg8 28. Rh5 gxf4 29. Rxc5 1/2-1/2

[Event "Magistral Grafica Yael-Torre Blanca"]
[Site "Buenos Aires ARG"]
[Date "2010.07.24"]
[Round "1.4"]
[White "Slipak, Sergio"]
[Black "Perez Ponsa, Federico"]
[Result "1-0"]
[WhiteElo "2440"]
[BlackElo "2463"]
[PlyCount "139"]
[EventDate "2010.07.24"]
[EventType "tourn"]
[EventRounds "9"]
[EventCountry "ARG"]
[EventCategory "7"]
[Source "lmi"]
[SourceDate "2010.07.24"]

1. e4 c5 2. Nf3 d6 3. c3 Nf6 4. h3 Nbd7 5. Bd3 g6 6. Bc2 Bg7 7. d4 e5 8. O-O
O-O 9. Re1 Re8 10. dxc5 dxc5 11. Na3 Qe7 12. Nc4 Bf8 13. Bg5 h6 14. Bh4 b5 15.
Ne3 Bb7 16. Nd5 Bxd5 17. exd5 Qd6 18. a4 b4 19. c4 a5 20. g4 Qc7 21. Nd2 Bd6
22. Ne4 Nxe4 23. Bxe4 Ra6 24. Qc2 Be7 25. Bg3 Bg5 26. Rad1 Rd6 27. Bg2 Qd8 28.
Qe4 Bh4 29. Bh2 Qf6 30. Re2 Re7 31. f4 exf4 32. Qxe7 Qxe7 33. Rxe7 Bxe7 34.
Bxf4 g5 35. Bxd6 Bxd6 36. Kf2 Kg7 37. Ke3 Nf6 38. b3 Bf4+ 39. Kf3 Bd6 40. Re1
Kf8 41. Bf1 Kg7 42. Bd3 Kf8 43. Bf5 Kg7 44. Rh1 Kf8 45. h4 Kg7 46. hxg5 hxg5
47. Kg2 Kg8 48. Ra1 Kg7 49. Rb1 Kg8 50. Rc1 Kg7 51. Rd1 Kg8 52. Re1 Kg7 53. Rf1
Ng8 54. Bd3 Nh6 55. Kf3 Ng8 56. Ke4 Nh6 57. Be2 Kg6 58. Rh1 Ng8 59. Kf3 Kg7 60.
Rh5 Kf6 61. Bd3 Bf4 62. Bh7 Ne7 63. Rh1 Kg7 64. Bf5 Ng8 65. Re1 Kf8 66. Rh1 Kg7
67. d6 Bxd6 68. Rd1 Bf8 69. Rd7 Ne7 70. Rc7 1-0

[Event "Magistral Grafica Yael-Torre Blanca"]
[Site "Buenos Aires ARG"]
[Date "2010.07.24"]
[Round "1.5"]
[White "Diaz Hollemaert, Nahuel"]
[Black "Bassan, Remo"]
[Result "1/2-1/2"]
[WhiteElo "2474"]
[BlackElo "2210"]
[PlyCount "104"]
[EventDate "2010.07.24"]
[EventType "tourn"]
[EventRounds "9"]
[EventCountry "ARG"]
[EventCategory "7"]
[Source "lmi"]
[SourceDate "2010.07.24"]

1. Nf3 g6 2. d4 Nf6 3. c4 Bg7 4. Nc3 d5 5. cxd5 Nxd5 6. Na4 O-O 7. e4 Nb6 8.
Be2 Bg4 9. Be3 Nc6 10. d5 Nxa4 11. Qxa4 Bxb2 12. Rb1 Bc3+ 13. Kf1 Nb8 14. Rxb7
Qc8 15. Rb1 Bg7 16. Nd4 Bxe2+ 17. Kxe2 Qg4+ 18. Nf3 f5 19. h3 Qxe4 20. Qxe4
fxe4 21. Ng5 Be5 22. Ne6 Rc8 23. Rb4 Nd7 24. Rxe4 Bd6 25. Rd1 a5 26. Rc4 Rab8
27. Rc2 a4 28. Nd4 Nf6 29. Nc6 Rb7 30. Bf4 Kf8 31. Rd4 a3 32. Kd1 Ke8 33. Bxd6
Rb1+ 34. Rc1 Rxc1+ 35. Kxc1 cxd6 36. Kd2 e5 37. Rd3 Kd7 38. Nb4 Ne4+ 39. Ke3
Rc4 40. Rb3 Nc5 41. Rb1 Rc3+ 42. Ke2 Rc4 43. f3 Na4 44. Rb3 Nc5 45. Rb1 h5 46.
Kd2 Rd4+ 47. Kc3 g5 48. Rh1 Kc7 49. Rf1 Kb6 50. Rb1 Kc7 51. Rh1 Kb6 52. Rb1 Kc7
1/2-1/2

[Event "Magistral Grafica Yael-Torre Blanca"]
[Site "Buenos Aires ARG"]
[Date "2010.07.25"]
[Round "2.1"]
[White "Rodriguez Vila, Andres"]
[Black "Bassan, Remo"]
[Result "1-0"]
[WhiteElo "2508"]
[BlackElo "2210"]
[PlyCount "79"]
[EventDate "2010.07.24"]
[EventType "tourn"]
[EventRounds "9"]
[EventCountry "ARG"]
[EventCategory "7"]
[Source "lmi"]
[SourceDate "2010.07.24"]

1. Nf3 Nf6 2. b3 c5 3. Bb2 d5 4. e3 a6 5. c4 Nc6 6. cxd5 Nxd5 7. Be2 Ndb4 8. d3
Bg4 9. a3 Bxf3 10. gxf3 Nd5 11. f4 e6 12. Nc3 Qa5 13. Qd2 Qb6 14. f5 Nxc3 15.
Bxc3 exf5 16. Qc2 f6 17. Rg1 f4 18. d4 cxd4 19. Bxd4 Nxd4 20. exd4 Qe6 21. Kf1
Qh3+ 22. Rg2 f5 23. Qc7 Be7 24. Re1 Kf8 25. Bh5 Qh4 26. Rxg7 Kxg7 27. Rxe7+ Kh6
28. Bf3 Qh3+ 29. Ke2 Rae8 30. Qxf4+ Kg6 31. Qd6+ Kg5 32. Qe5 Rxe7 33. Qxe7+ Kg6
34. Qe6+ Kg5 35. Qf7 Qh6 36. Qe7+ Kg6 37. h4 Qg7 38. Qg5+ Kf7 39. Bd5+ Ke8 40.
Qxg7 1-0

[Event "Magistral Grafica Yael-Torre Blanca"]
[Site "Buenos Aires ARG"]
[Date "2010.07.25"]
[Round "2.2"]
[White "Perez Ponsa, Federico"]
[Black "Diaz Hollemaert, Nahuel"]
[Result "1/2-1/2"]
[WhiteElo "2463"]
[BlackElo "2474"]
[PlyCount "20"]
[EventDate "2010.07.24"]
[EventType "tourn"]
[EventRounds "9"]
[EventCountry "ARG"]
[EventCategory "7"]
[Source "lmi"]
[SourceDate "2010.07.24"]

1. e4 e5 2. Nf3 Nc6 3. Bb5 Nf6 4. O-O d6 5. d4 Bd7 6. Nc3 Be7 7. Re1 exd4 8.
Nxd4 Nxd4 9. Qxd4 Bxb5 10. Nxb5 O-O 1/2-1/2

[Event "Magistral Grafica Yael-Torre Blanca"]
[Site "Buenos Aires ARG"]
[Date "2010.07.25"]
[Round "2.3"]
[White "Sorin, Ariel"]
[Black "Slipak, Sergio"]
[Result "0-1"]
[WhiteElo "2484"]
[BlackElo "2440"]
[PlyCount "72"]
[EventDate "2010.07.24"]
[EventType "tourn"]
[EventRounds "9"]
[EventCountry "ARG"]
[EventCategory "7"]
[Source "lmi"]
[SourceDate "2010.07.24"]

1. d4 d5 2. c4 dxc4 3. e4 e5 4. Nf3 exd4 5. Bxc4 Nc6 6. O-O Nf6 7. e5 Ne4 8.
Re1 Nc5 9. Bg5 Be7 10. Bxe7 Qxe7 11. Bb5 Bg4 12. Bxc6+ bxc6 13. h3 Bxf3 14.
Qxf3 O-O 15. Nd2 Rab8 16. b3 Rfd8 17. Rac1 Rd5 18. Qg3 Qe6 19. f4 Qf5 20. Rc4
h5 21. Rf1 Ne4 22. Qd3 Nd6 23. Qxf5 Nxf5 24. Rxc6 Rb7 25. Rfc1 g5 26. Ne4 Ra5
27. Nf6+ Kg7 28. Nxh5+ Kf8 29. Rf6 Ng7 30. g4 gxf4 31. Nxf4 Ne8 32. Ne6+ Kg8
33. Nd8 Nxf6 34. Nxb7 Rxe5 35. Rxc7 d3 36. Rc8+ Kg7 0-1

[Event "Magistral Grafica Yael-Torre Blanca"]
[Site "Buenos Aires ARG"]
[Date "2010.07.25"]
[Round "2.4"]
[White "Saldaño Dayer, Horacio"]
[Black "Blit, Jacques"]
[Result "1/2-1/2"]
[WhiteElo "2428"]
[BlackElo "2356"]
[PlyCount "37"]
[EventDate "2010.07.24"]
[EventType "tourn"]
[EventRounds "9"]
[EventCountry "ARG"]
[EventCategory "7"]
[Source "lmi"]
[SourceDate "2010.07.24"]

1. e4 d6 2. d4 Nf6 3. Nc3 g6 4. Nf3 Bg7 5. Be3 O-O 6. Qd2 e5 7. dxe5 dxe5 8.
Rd1 Qxd2+ 9. Rxd2 c6 10. Nxe5 Nxe4 11. Nxe4 Bxe5 12. c3 b6 13. Bc4 Ba6 14. Bxa6
Nxa6 15. O-O Nc7 16. Bd4 Bxd4 17. Rxd4 Rfd8 18. Rfd1 Ne6 19. Rxd8+ 1/2-1/2

[Event "Magistral Grafica Yael-Torre Blanca"]
[Site "Buenos Aires ARG"]
[Date "2010.07.25"]
[Round "2.5"]
[White "Zapata Ferrada, Marco"]
[Black "Labollita, Martin"]
[Result "1/2-1/2"]
[WhiteElo "2372"]
[BlackElo "2413"]
[PlyCount "33"]
[EventDate "2010.07.24"]
[EventType "tourn"]
[EventRounds "9"]
[EventCountry "ARG"]
[EventCategory "7"]
[Source "lmi"]
[SourceDate "2010.07.24"]

1. d4 f5 2. c4 Nf6 3. Nc3 g6 4. g3 Bg7 5. Bg2 d6 6. Nh3 O-O 7. O-O a5 8. Nf4
Na6 9. e4 c6 10. Re1 e5 11. dxe5 dxe5 12. Nd3 Nb4 13. Nxe5 Nxe4 14. f4 Bxe5 15.
fxe5 Nxc3 16. bxc3 Nd3 17. Bd5+ 1/2-1/2

[Event "Magistral Grafica Yael-Torre Blanca"]
[Site "Buenos Aires ARG"]
[Date "2010.07.26"]
[Round "3.1"]
[White "Labollita, Martin"]
[Black "Rodriguez Vila, Andres"]
[Result "0-1"]
[WhiteElo "2413"]
[BlackElo "2508"]
[PlyCount "84"]
[EventDate "2010.07.24"]
[EventType "tourn"]
[EventRounds "9"]
[EventCountry "ARG"]
[EventCategory "7"]
[Source "lmi"]
[SourceDate "2010.07.24"]

1. e4 e5 2. Nf3 Nc6 3. d4 exd4 4. Nxd4 Nf6 5. Nxc6 bxc6 6. Bd3 d5 7. Nd2 Bg4 8.
f3 Be6 9. Qe2 Bc5 10. Nb3 Bb6 11. Bg5 h6 12. exd5 cxd5 13. Bb5+ Kf8 14. Be3 Qe7
15. O-O c5 16. c3 a6 17. Ba4 d4 18. Bf2 dxc3 19. bxc3 Nd5 20. f4 Rc8 21. f5
Bxf5 22. Qxa6 Qf6 23. Nxc5 Kg8 24. Bc2 Rxc5 25. Kh1 Ra5 26. Qe2 Nxc3 27. Qd2
Bxf2 28. Qxf2 Bxc2 29. Qxc2 Rxa2 30. Qd3 Ne2 31. Rab1 Qg6 32. Qe3 Kh7 33. Rb6
Qf5 34. Rbb1 Qg4 35. Qd3+ Qg6 36. Qf3 Nf4 37. Rb4 Qxg2+ 38. Qxg2 Nxg2 39. Re4
Rd8 40. h4 Rd3 41. h5 Rh3+ 42. Kg1 Ne3 0-1

[Event "Magistral Grafica Yael-Torre Blanca"]
[Site "Buenos Aires ARG"]
[Date "2010.07.26"]
[Round "3.2"]
[White "Blit, Jacques"]
[Black "Zapata Ferrada, Marco"]
[Result "1-0"]
[WhiteElo "2356"]
[BlackElo "2372"]
[PlyCount "91"]
[EventDate "2010.07.24"]
[EventType "tourn"]
[EventRounds "9"]
[EventCountry "ARG"]
[EventCategory "7"]
[Source "lmi"]
[SourceDate "2010.07.24"]

1. e4 c5 2. Nf3 d6 3. d4 cxd4 4. Nxd4 Nf6 5. Nc3 g6 6. Be3 Bg7 7. Be2 O-O 8.
O-O Nc6 9. Nb3 Be6 10. f4 Qc8 11. h3 Rd8 12. Qe1 Nb4 13. Nd4 Bc4 14. a3 Bxe2
15. Qxe2 Nc6 16. Rad1 Nxd4 17. Bxd4 e5 18. fxe5 dxe5 19. Be3 Qc6 20. Rxd8+ Rxd8
21. Bg5 Rd6 22. Qf2 Qb6 23. Qxb6 Rxb6 24. Rd1 Bf8 25. b4 a5 26. bxa5 Rc6 27.
Bxf6 Bc5+ 28. Kh2 Rxf6 29. Rd7 Ra6 30. Rxb7 Bd4 31. Nb5 Rxa5 32. Nd6 Rxa3 33.
Nxf7 Be3 34. g3 Rc3 35. Nxe5 Rxc2+ 36. Kh1 Re2 37. Nc6 Bc5 38. e5 h5 39. h4 Ba3
40. Rb3 Bb2 41. Rb8+ Kg7 42. Rb7+ Kf8 43. Ne7 Kf7 44. Nd5+ Kg8 45. e6 Ba3 46.
Nf6+ 1-0

[Event "Magistral Grafica Yael-Torre Blanca"]
[Site "Buenos Aires ARG"]
[Date "2010.07.26"]
[Round "3.3"]
[White "Slipak, Sergio"]
[Black "Saldaño Dayer, Horacio"]
[Result "1/2-1/2"]
[WhiteElo "2440"]
[BlackElo "2428"]
[PlyCount "45"]
[EventDate "2010.07.24"]
[EventType "tourn"]
[EventRounds "9"]
[EventCountry "ARG"]
[EventCategory "7"]
[Source "lmi"]
[SourceDate "2010.07.24"]

1. d4 Nf6 2. Nf3 d5 3. c4 e6 4. Nc3 Bb4 5. e3 O-O 6. Bd3 c5 7. O-O cxd4 8. exd4
dxc4 9. Bxc4 b6 10. Qe2 Bb7 11. Rd1 Bxc3 12. bxc3 Nbd7 13. Bb3 Nd5 14. Bd2 Qc7
15. c4 Nf4 16. Qe3 e5 17. d5 Qd6 18. g3 Ng6 19. Ng5 Nf6 20. f3 Rfc8 21. Ne4
Nxe4 22. fxe4 Nf8 23. Rac1 1/2-1/2

[Event "Magistral Grafica Yael-Torre Blanca"]
[Site "Buenos Aires ARG"]
[Date "2010.07.26"]
[Round "3.4"]
[White "Diaz Hollemaert, Nahuel"]
[Black "Sorin, Ariel"]
[Result "0-1"]
[WhiteElo "2474"]
[BlackElo "2484"]
[PlyCount "56"]
[EventDate "2010.07.24"]
[EventType "tourn"]
[EventRounds "9"]
[EventCountry "ARG"]
[EventCategory "7"]
[Source "lmi"]
[SourceDate "2010.07.24"]

1. e4 e5 2. Nf3 Nc6 3. Bc4 Bc5 4. c3 Nf6 5. d3 d6 6. Bb3 Bb6 7. Nbd2 O-O 8. O-O
Be6 9. Nc4 h6 10. Re1 Re8 11. Ne3 d5 12. exd5 Nxd5 13. Nc4 f6 14. Nh4 Qd7 15.
Qh5 Rad8 16. Bxh6 gxh6 17. Nxb6 axb6 18. Bxd5 Bxd5 19. Re3 Re7 20. Rg3+ Rg7 21.
Nf5 Rxg3 22. fxg3 Qh7 23. Rf1 Be6 24. Qg4+ Kh8 25. Qh4 Rf8 26. Nd4 exd4 27.
Rxf6 Kg8 28. Rxe6 Qf5 0-1

[Event "Magistral Grafica Yael-Torre Blanca"]
[Site "Buenos Aires ARG"]
[Date "2010.07.26"]
[Round "3.5"]
[White "Bassan, Remo"]
[Black "Perez Ponsa, Federico"]
[Result "0-1"]
[WhiteElo "2210"]
[BlackElo "2463"]
[PlyCount "66"]
[EventDate "2010.07.24"]
[EventType "tourn"]
[EventRounds "9"]
[EventCountry "ARG"]
[EventCategory "7"]
[Source "lmi"]
[SourceDate "2010.07.24"]

1. e4 c5 2. Nc3 Nc6 3. g3 g6 4. Bg2 Bg7 5. d3 d6 6. Be3 Rb8 7. Qd2 b5 8. Nge2
Nd4 9. h3 b4 10. Nd1 e5 11. f4 Ne7 12. g4 Nxe2 13. Qxe2 exf4 14. Bxf4 Nc6 15.
O-O h5 16. g5 O-O 17. Rb1 Be6 18. b3 Rb6 19. Ne3 Ra6 20. c4 bxc3 21. d4 Bc8 22.
dxc5 dxc5 23. a4 Nd4 24. Qf2 Ne6 25. h4 Nxf4 26. Qxf4 Bd4 27. Kh1 Qd6 28. Nd5
Kg7 29. Qf3 Qe5 30. Rfe1 Rd6 31. Qd3 Re8 32. b4 Rxd5 33. exd5 Qf4 0-1

[Event "Magistral Grafica Yael-Torre Blanca"]
[Site "Buenos Aires ARG"]
[Date "2010.07.27"]
[Round "4.1"]
[White "Rodriguez Vila, Andres"]
[Black "Perez Ponsa, Federico"]
[Result "0-1"]
[WhiteElo "2508"]
[BlackElo "2463"]
[PlyCount "111"]
[EventDate "2010.07.24"]
[EventType "tourn"]
[EventRounds "9"]
[EventCountry "ARG"]
[EventCategory "7"]
[Source "lmi"]
[SourceDate "2010.07.24"]

1. d4 Nf6 2. c4 c5 3. Nf3 g6 4. Nc3 Bg7 5. e4 cxd4 6. Nxd4 d6 7. Be2 Nc6 8. Be3
O-O 9. O-O Bd7 10. Nc2 Rc8 11. f3 a6 12. Qd2 Ne5 13. Na3 Be6 14. Nd5 Nxd5 15.
exd5 Bd7 16. h3 Be8 17. Rac1 Nd7 18. Rfe1 a5 19. Bf1 Nc5 20. b3 Bd7 21. Bg5 Re8
22. Kh1 Bf6 23. Bxf6 exf6 24. Rxe8+ Bxe8 25. Nc2 Kg7 26. Re1 Bd7 27. Re3 Qb6
28. Qe1 Kf8 29. Qc3 Kg7 30. g4 h6 31. Kg2 Re8 32. Rxe8 Bxe8 33. Qe3 Qd8 34. Nd4
Bd7 35. Kf2 f5 36. gxf5 Bxf5 37. Nxf5+ gxf5 38. Qc3+ Kg6 39. Ke2 b6 40. Kd1 Qh4
41. Qh8 Qf2 42. Be2 Qg1+ 43. Kd2 Qb1 44. Qg8+ Kf6 45. Qd8+ Kg7 46. Qxb6 Qxa2+
47. Ke1 Qxb3 48. Qxd6 Qe3 49. Kf1 a4 50. Qg3+ Qg5 51. Qe5+ Qf6 52. Qe3 Qa1+ 53.
Kf2 a3 54. Qxc5 a2 55. d6 Qf6 56. Kg2 0-1

[Event "Magistral Grafica Yael-Torre Blanca"]
[Site "Buenos Aires ARG"]
[Date "2010.07.27"]
[Round "4.2"]
[White "Sorin, Ariel"]
[Black "Bassan, Remo"]
[Result "1-0"]
[WhiteElo "2484"]
[BlackElo "2210"]
[PlyCount "90"]
[EventDate "2010.07.24"]
[EventType "tourn"]
[EventRounds "9"]
[EventCountry "ARG"]
[EventCategory "7"]
[Source "lmi"]
[SourceDate "2010.07.24"]

1. d4 Nf6 2. c4 g6 3. Nc3 d5 4. Bg5 Ne4 5. Bh4 Nxc3 6. bxc3 dxc4 7. Qa4+ Qd7 8.
Qxc4 b6 9. Bg3 c6 10. Nf3 Ba6 11. Qa4 c5 12. Qa3 Qc8 13. e3 Bxf1 14. Kxf1 Qa6+
15. Qxa6 Nxa6 16. Ke2 f6 17. a4 Kd7 18. a5 b5 19. Rab1 Kc6 20. e4 e6 21. Rhd1
Rd8 22. e5 f5 23. Ng5 Nc7 24. Nf7 Be7 25. Nxh8 Rxh8 26. dxc5 Nd5 27. Rd3 g5 28.
f3 Bxc5 29. Rc1 h5 30. Rdd1 Ne3 31. Rg1 Nd5 32. Rgd1 Ne3 33. Rd2 Nxg2 34. Bf2
Nf4+ 35. Kf1 Bxf2 36. Rd6+ Kc5 37. Kxf2 Kc4 38. Rb1 Rc8 39. h4 Nd3+ 40. Ke3 f4+
41. Ke2 Nxe5 42. hxg5 Nc6 43. Rxe6 Kd5 44. Re4 a6 45. g6 Rg8 1-0

[Event "Magistral Grafica Yael-Torre Blanca"]
[Site "Buenos Aires ARG"]
[Date "2010.07.27"]
[Round "4.3"]
[White "Saldaño Dayer, Horacio"]
[Black "Diaz Hollemaert, Nahuel"]
[Result "1/2-1/2"]
[WhiteElo "2428"]
[BlackElo "2474"]
[PlyCount "110"]
[EventDate "2010.07.24"]
[EventType "tourn"]
[EventRounds "9"]
[EventCountry "ARG"]
[EventCategory "7"]
[Source "lmi"]
[SourceDate "2010.07.24"]

1. e4 c5 2. Nf3 e6 3. d4 cxd4 4. Nxd4 Qb6 5. Nb3 Nc6 6. Bd3 Nf6 7. Nc3 Bb4 8.
O-O h6 9. Qf3 Qc7 10. Nb5 Qb8 11. Bf4 e5 12. Bc1 Be7 13. Qg3 g5 14. Qf3 d6 15.
c4 Rg8 16. a3 a5 17. Bd2 h5 18. Qe2 h4 19. Be3 b6 20. Nc1 Nd8 21. f3 Ne6 22.
Qf2 Bd8 23. Rd1 g4 24. Bf1 Be7 25. Ne2 gxf3 26. Qxf3 Nh7 27. Kh1 Nhg5 28. Bxg5
Nxg5 29. Qe3 h3 30. Nec3 Rg6 31. Nd5 Bd8 32. g3 Bg4 33. Be2 Bxe2 34. Qxe2 Qb7
35. Rf1 Rc8 36. a4 Kf8 37. b3 Kg7 38. Rf5 Qd7 39. Raf1 Qe8 40. Nbc3 Qh8 41.
R5f2 Qe8 42. Ne3 Kg8 43. Nf5 Rc7 44. Qh5 Qe6 45. Qe2 Rd7 46. Nd5 Rb7 47. Nh4
Rh6 48. Nf5 Rg6 49. Qd3 Rd7 50. Qe3 Rb7 51. Nh4 Rg7 52. Rf5 Nh7 53. Nf3 Qg6 54.
Ng1 Ng5 55. Nf3 Ne6 1/2-1/2

[Event "Magistral Grafica Yael-Torre Blanca"]
[Site "Buenos Aires ARG"]
[Date "2010.07.27"]
[Round "4.4"]
[White "Zapata Ferrada, Marco"]
[Black "Slipak, Sergio"]
[Result "1/2-1/2"]
[WhiteElo "2372"]
[BlackElo "2440"]
[PlyCount "31"]
[EventDate "2010.07.24"]
[EventType "tourn"]
[EventRounds "9"]
[EventCountry "ARG"]
[EventCategory "7"]
[Source "lmi"]
[SourceDate "2010.07.24"]

1. e4 e5 2. Nf3 Nc6 3. Bb5 Nf6 4. d3 d6 5. O-O Bd7 6. c3 g6 7. Bg5 Bg7 8. Nbd2
h6 9. Bh4 O-O 10. Re1 Qe8 11. Nf1 Nh5 12. Ne3 Nf4 13. Bg3 Nh5 14. Bh4 Nf4 15.
Bg3 Nh5 16. Bh4 1/2-1/2

[Event "Magistral Grafica Yael-Torre Blanca"]
[Site "Buenos Aires ARG"]
[Date "2010.07.27"]
[Round "4.5"]
[White "Labollita, Martin"]
[Black "Blit, Jacques"]
[Result "1/2-1/2"]
[WhiteElo "2413"]
[BlackElo "2356"]
[PlyCount "96"]
[EventDate "2010.07.24"]
[EventType "tourn"]
[EventRounds "9"]
[EventCountry "ARG"]
[EventCategory "7"]
[Source "lmi"]
[SourceDate "2010.07.24"]

1. d4 Nf6 2. c4 g6 3. Nc3 Bg7 4. e4 O-O 5. f3 d6 6. Be3 Nc6 7. Nge2 a6 8. Nc1
Rb8 9. Nb3 e5 10. d5 Ne7 11. Qd2 Nh5 12. O-O-O f5 13. exf5 Nxf5 14. Bg5 Qxg5
15. Qxg5 Bh6 16. Qxh6 Nxh6 17. g4 Nf4 18. c5 Nf7 19. Ne4 Rd8 20. cxd6 Nxd6 21.
h3 Kg7 22. Rh2 Nf7 23. Rhd2 Kf8 24. Na5 Bd7 25. d6 cxd6 26. Nxd6 Nxd6 27. Rxd6
Ke7 28. b3 Bb5 29. Rxd8 Rxd8 30. Rxd8 Kxd8 31. Bxb5 axb5 32. Nxb7+ Kc7 33. Nc5
Nxh3 34. Kd2 Ng5 35. Ke3 h5 36. Nd3 Kd6 37. Nxe5 Kxe5 38. f4+ Kd5 39. gxh5 Ne4
40. hxg6 b4 41. g7 Nf6 42. Kd3 Ng8 43. Kc2 Ke4 44. a4 bxa3 45. b4 Kxf4 46. Kb3
Ke4 47. Kxa3 Kd5 48. Ka4 Kc6 1/2-1/2

[Event "Magistral Grafica Yael-Torre Blanca"]
[Site "Buenos Aires ARG"]
[Date "2010.07.28"]
[Round "5.1"]
[White "Blit, Jacques"]
[Black "Rodriguez Vila, Andres"]
[Result "0-1"]
[WhiteElo "2356"]
[BlackElo "2508"]
[PlyCount "78"]
[EventDate "2010.07.24"]
[EventType "tourn"]
[EventRounds "9"]
[EventCountry "ARG"]
[EventCategory "7"]
[Source "lmi"]
[SourceDate "2010.07.24"]

1. e4 e6 2. d4 d5 3. e5 c5 4. c3 Bd7 5. Nf3 Qb6 6. Bd3 Bb5 7. dxc5 Bxc5 8. b4
Bxd3 9. Qxd3 Bf8 10. O-O Nd7 11. Na3 Ne7 12. Re1 Nc6 13. Nc2 Be7 14. a3 Rc8 15.
Bf4 O-O 16. h4 Qa6 17. Rad1 Qxd3 18. Rxd3 Nb6 19. h5 Na4 20. h6 g6 21. Ne3 Nb8
22. Rc1 a5 23. Ng4 Rc4 24. Rd4 Rxc3 25. bxa5 Rxc1+ 26. Bxc1 Nc3 27. Kf1 Nc6 28.
Rd3 Ne4 29. Rb3 Nxa5 30. Rb5 Ra8 31. Bd2 Nxd2+ 32. Nxd2 Ra7 33. Nb3 Nc4 34. a4
Kf8 35. a5 Ke8 36. Ke2 Kd8 37. f4 Kc7 38. Nd4 Nxa5 39. Nf3 Nc6 0-1

[Event "Magistral Grafica Yael-Torre Blanca"]
[Site "Buenos Aires ARG"]
[Date "2010.07.28"]
[Round "5.2"]
[White "Slipak, Sergio"]
[Black "Labollita, Martin"]
[Result "1-0"]
[WhiteElo "2440"]
[BlackElo "2413"]
[PlyCount "69"]
[EventDate "2010.07.24"]
[EventType "tourn"]
[EventRounds "9"]
[EventCountry "ARG"]
[EventCategory "7"]
[Source "lmi"]
[SourceDate "2010.07.24"]

1. d4 d5 2. c4 c6 3. Nf3 Nf6 4. Qb3 a6 5. e3 e6 6. c5 Nfd7 7. Bd2 b6 8. cxb6
Bb7 9. Be2 c5 10. O-O Nc6 11. Rc1 c4 12. Qd1 g5 13. b3 g4 14. Ne1 h5 15. bxc4
dxc4 16. Bxc4 Bd6 17. Nc3 Nf6 18. e4 Bxh2+ 19. Kxh2 g3+ 20. Kxg3 Rg8+ 21. Kh3
Qxd4 22. Be3 Qe5 23. f4 Qb8 24. Nf3 Ng4 25. Qd2 Ne7 26. Bc5 Ng6 27. Bd6 Qd8 28.
Nb5 Rc8 29. Nc7+ Rxc7 30. bxc7 Qc8 31. Bb3 f6 32. Bb4 Kf7 33. f5 Bd5 34. fxg6+
Rxg6 35. exd5 1-0

[Event "Magistral Grafica Yael-Torre Blanca"]
[Site "Buenos Aires ARG"]
[Date "2010.07.28"]
[Round "5.3"]
[White "Diaz Hollemaert, Nahuel"]
[Black "Zapata Ferrada, Marco"]
[Result "1-0"]
[WhiteElo "2474"]
[BlackElo "2372"]
[PlyCount "109"]
[EventDate "2010.07.24"]
[EventType "tourn"]
[EventRounds "9"]
[EventCountry "ARG"]
[EventCategory "7"]
[Source "lmi"]
[SourceDate "2010.07.24"]

1. Nf3 Nf6 2. c4 b6 3. d4 Bb7 4. Nc3 e6 5. a3 Ne4 6. Nxe4 Bxe4 7. Nd2 Bb7 8. e4
f5 9. Bd3 Qf6 10. O-O Nc6 11. exf5 Qxd4 12. Nf3 Qg4 13. h3 Qh5 14. fxe6 dxe6
15. Ng5 Qxd1 16. Rxd1 Bd6 17. Nxe6 g6 18. Be4 Kd7 19. Ng5 Rae8 20. Bf3 Kc8 21.
Nf7 Rhf8 22. Bg4+ Kb8 23. Nxd6 cxd6 24. Bh6 Rf7 25. Rxd6 Re4 26. Bf3 Rxc4 27.
Re1 Nd4 28. Bd5 Bxd5 29. Rxd5 Nf5 30. Bd2 Rc2 31. b4 Ra2 32. Rd3 Kb7 33. Re4
Rc2 34. Bf4 Ng7 35. g4 Ne6 36. Be3 Nc7 37. a4 Rc6 38. b5 Rcf6 39. Re5 a6 40.
bxa6+ Kxa6 41. Rd8 Rc6 42. Re4 Kb7 43. Rb4 Ne6 44. Rd2 Ka6 45. Rd5 Nc7 46. Rd2
Re7 47. Kg2 Ne6 48. Rdb2 Nc5 49. Rc4 Re5 50. Rbc2 Rd5 51. Rc1 Ka5 52. Rb1 Ka6
53. Rc2 Re6 54. a5 Kxa5 55. Bxc5 1-0